| 000 | 00392nam a22001697a 4500 | ||
|---|---|---|---|
| 005 | 20160614110731.0 | ||
| 008 | 160614b xxu||||| |||| 00| 0 eng d | ||
| 020 | _a81-7224-669-2 | ||
| 041 | _aeng | ||
| 082 | _b7355 | ||
| 100 |
_aHumphries, John _91859 |
||
| 245 | _aHow to Manage a sales team | ||
| 260 |
_bJaico Books _c2002 |
||
| 300 | _a138 | ||
| 650 |
_aManagement _9241 |
||
| 942 | _cBK | ||
| 999 |
_c2610 _d2609 |
||